Online
Catalog

Juegos florales provenzales : (Record no. 32138)

MARC details
000 -CABECERA
campo de control de longitud fija 00381nam a2200133 a 4500
001 - NÚMERO DE CONTROL
campo de control 000032647
005 - FECHA Y HORA DE LA ÚLTIMA TRANSACCIÓN
campo de control 20200930065744.0
008 - DATOS DE LONGITUD FIJA--INFORMACIÓN GENERAL
campo de control de longitud fija 110725s1922 dr 000 0 spa d
040 ## - FUENTE DE LA CATALOGACIÓN
Centro catalogador/agencia de origen DO-SdBNP
Lengua de catalogación spa
Centro/agencia transcriptor BNPHU
049 ## - FONDOS LOCALES (OCLC)
Fondos de biblioteca BNPD
245 00 - MENCIÓN DE TÍTULO
Título Juegos florales provenzales :
Resto del título Hispano-Dominicano.
260 ## - PUBLICACIÓN, DISTRIBUCIÓN, ETC.
Lugar de publicación, distribución, etc. Santo Domingo :
Nombre del editor, distribuidor, etc. Imp. La Cuna de América,
Fecha de publicación, distribución, etc. 1922.
300 ## - DESCRIPCIÓN FÍSICA
Extensión 9 p. ;
Dimensiones 23 cm.
Holdings
Estado de retiro Estado de pérdida Fuente del sistema de clasificación o colocación No para préstamo Código de colección Localización permanente Ubicación/localización actual Ubicación en estantería Fecha de adquisición Número de inventario Total de préstamos Signatura topográfica completa Código de barras Fecha visto por última vez Precio válido a partir de Tipo de ítem Koha Nota pública
    Dewey Decimal Classification Excluido de préstamo Raros y valiosos Patrimonio Dominicano Patrimonio Dominicano Depósito 25.07.2011 LF1   32647-10 25.06.2020 25.06.2020 Libro Perteneció a la biblioteca personal de Martínez Boog.

Powered by Koha